Professional Standards for Individuals Performing Independent Technical Functions in Construction
Definovanie samostatných technických funkcií v stavebníctve. Zásady udeľovania stavebných kvalifikácií. Základ pre vykonávanie samostatných technických funkcií v stavebníctve. Štandardy v stavebníctve. Povinné členstvo v profesijnom združení. Zásady výkonu povolania architekt a stavebný inžinier na...
Enregistré dans:
| Auteur principal: | |
|---|---|
| Format: | Chapitre de livre |
| Langue: | anglais |
| Sujets: | |
| Tags: |
Pas de tags, Soyez le premier à ajouter un tag!
|
MARC
| LEADER | 00000naa a2200000 4500 | ||
|---|---|---|---|
| 001 | 0305213 | ||
| 005 | 20241120104239.3 | ||
| 041 | 0 | |a eng | |
| 044 | |a SK | ||
| 245 | 1 | 0 | |a Professional Standards for Individuals Performing Independent Technical Functions in Construction |c Joanna Smarż |
| 520 | |a Definovanie samostatných technických funkcií v stavebníctve. Zásady udeľovania stavebných kvalifikácií. Základ pre vykonávanie samostatných technických funkcií v stavebníctve. Štandardy v stavebníctve. Povinné členstvo v profesijnom združení. Zásady výkonu povolania architekt a stavebný inžinier na Slovensku. | ||
| 610 | 2 | 0 | |a stavebníctvo |
| 610 | 2 | 0 | |a štandardy |
| 610 | 2 | 0 | |a výrobky stavebné |
| 610 | 2 | 0 | |a predpisy právne |
| 610 | 2 | 0 | |a inžinieri |
| 610 | 2 | 0 | |a architektúra |
| 100 | 1 | |a Smarż, Joanna | |